| 000 | 00821nam a22001337a 4500 | ||
|---|---|---|---|
| 040 | _cRUA | ||
| 082 | _aRUB NHE 2018 B662 Or.1 | ||
| 100 | _aNHEL PHIRUN ញុិល ភីរុន | ||
| 245 | _aeffects of rrimflow stimulation system on yield and tpd disease on clones gt 1, pr 107 and pb 255 at sopheak nika investment group co., ltd ឥទ្ធពលនៃប្រពន្ធរំញេចកម្ម RRIMflow លើទិន្នផលនិងជំងឺស្ងួតចៀរនៃក្លូនកៅស៊ូ GT1, PR107 និងPB 255 នៅក្រុមហហ៊ុន សុភក្តិនីការ អុិនវេសមេន គ្រុបខូ អិលធីឌី | ||
| 260 |
_aRUA _bPhnom penh _c2018 |
||
| 300 |
_axiii;65p _bill; _c29cm |
||
| 856 | _u NHEL PHIRUN | ||
| 942 | _cRUB | ||
| 999 |
_c19167 _d19167 |
||